[Event "WIO (Open)"]
[Site "Boise, ID"]
[Date "2013.12.14"]
[Round "1.3"]
[White "Jin, Benjamin"]
[Black "Hamilton, Brett B"]
[Result "1-0"]
[WhiteElo "1381"]
[BlackElo "1700"]
[EventRounds "5"]
[EventCountry "USA"]

1. Nf3 d5 2. g3 c5 3. Bg2 Nc6 4. d4 e6 5. O-O Nf6 6. c4 cxd4 7. Nxd4 h6 8.
cxd5 exd5 9. Nc3 Bb4 10. Na4 O-O 11. a3 Bd6 12. Nc3 Be5 13. Nc2 Be6 14. e3 Rc8
15. Bd2 Qd7 16. Na4 b6 17. Bc3 Bxc3 18. Nxc3 Rfd8 19. Ne2 Bh3 20. Ncd4 Bxg2
21. Kxg2 Ne4 22. Rc1 Ng5 23. Nf4 Ne5 24. Rxc8 Rxc8 25. Qe2 Nc6 26. Rd1 Ne7 27.
Nb5 Qf5 28. Nd6 Qd7 29. Nxc8 Qxc8 30. h4 Ne4 31. Nxd5 Nxd5 32. Rxd5 Qa8 33.
Qd3 Nf6 34. e4 Nxd5 35. exd5 Qd8 36. d6 Kf8 37. b4 Ke8 38. b5 Kd7 39. Qd5 Qc8
40. Qf5+ {#r} 1-0

[Event "WIO (Open)"]
[Site "Boise, ID"]
[Date "2013.12.15"]
[Round "4.4"]
[White "Hamilton, Brett B"]
[Black "Booth, Tom R"]
[Result "1/2-1/2"]
[WhiteElo "1700"]
[BlackElo "1599"]
[EventRounds "5"]
[EventCountry "USA"]

1. d4 e6 2. g3 d5 3. Bg2 Nf6 4. Nf3 Nbd7 5. O-O Be7 6. e3 O-O 7. Nbd2 c5 8. c4
b6 9. Ne5 Bb7 10. f4 Nxe5 11. fxe5 Ne4 12. Nxe4 dxe4 13. Qg4 cxd4 14. Bxe4
Bxe4 15. Qxe4 dxe3 16. Bxe3 Qc7 17. Kg2 Rac8 18. Rac1 Qc6 19. Qxc6 Rxc6 20.
Rfd1 Rfc8 21. Rd7 R6c7 22. Rcd1 Kf8 23. Rxc7 Rxc7 24. b3 Ke8 25. Kf3 Rd7 26.
Rxd7 Kxd7 27. Ke4 Kc6 28. Kd3 Bc5 29. Bxc5 Kxc5 30. a3 {#d} 1/2-1/2

[Event "WIO (Open)"]
[Site "Boise, ID"]
[Date "2013.12.15"]
[Round "5.3"]
[White "Lang, Jamie"]
[Black "Hamilton, Brett B"]
[Result "1-0"]
[WhiteElo "1379"]
[BlackElo "1700"]
[EventRounds "5"]
[EventCountry "USA"]

1. e4 e5 2. Nf3 Nc6 3. Bb5 a6 4. Ba4 Nf6 5. Nc3 d6 6. Bxc6+ bxc6 7. O-O Be7 8.
d4 exd4 9. Nxd4 Bd7 10. Re1 O-O 11. Bg5 h6 12. Bf4 Rb8 13. b3 Re8 14. e5 dxe5
15. Bxe5 Bb4 16. Qf3 Bg4 17. Qxc6 Rxe5 18. Rxe5 Qxd4 19. Re3 Rd8 20. Rd3 Bd7
21. Rxd4 Bxc6 22. Rxd8+ Kh7 23. Ne2 Be7 24. Rd3 Bd6 25. Nd4 Be4 26. Rdd1 Be5
27. c3 c5 28. Ne2 a5 29. Rac1 Bc6 30. a3 Ng4 31. h3 Nf6 32. b4 Ba4 33. Rd8
axb4 34. axb4 cxb4 35. cxb4 Bb2 36. Rb1 Be5 37. b5 Bc2 38. Rb4 Ne4 39. b6 Nc5
40. Rd5 Nd3 41. Rxe5 {#r} 1-0

[Event "BCC Inaugural"]
[Site "Boise, ID"]
[Date "2014.03.08"]
[Round "1.2"]
[White "Mabry, William B"]
[Black "Hamilton, Brett B"]
[Result "0-1"]
[WhiteElo "1313"]
[BlackElo "1700"]

1. e4 c5 2. Nf3 Nc6 3. d4 cxd4 4. Nxd4 a6 5. Nc3 d6 6. Be2 g6 7. O-O Bg7 8.
Re1 Nxd4 9. f3 Nxe2+ 10. Rxe2 Bd7 11. Qd3 Rc8 12. Rb1 b5 13. Be3 Nf6 {#R} 0-1

[Event "BCC Inaugural"]
[Site "Boise, ID"]
[Date "2014.03.08"]
[Round "3.1"]
[White "Inman, James"]
[Black "Hamilton, Brett B"]
[Result "1/2-1/2"]
[WhiteElo "1745"]
[BlackElo "1700"]

1. d4 Nf6 2. Nf3 g6 3. c4 Bg7 4. Nc3 O-O 5. e4 d6 6. Be2 Nbd7 7. O-O c5 8. d5
a6 9. Qc2 Rb8 10. Rb1 Ng4 11. a3 Nde5 12. Nxe5 Bxe5 13. h3 Nf6 14. Bh6 Re8 15.
Kh1 Bd7 16. f4 Bd4 17. f5 Be5 18. g4 e6 19. g5 Nh5 20. fxg6 Ng3+ 21. Kg2 Nxf1
22. gxf7+ Kxf7 23. Rxf1+ Kg8 24. Bh5 Bg7 25. Bxe8 Bxe8 26. Qf2 Bg6 27. Bxg7
Kxg7 28. Qf6+ Qxf6 29. gxf6+ Kf7 30. dxe6+ Kxe6 31. Rf4 Ke5 32. Kf3 Rf8 33.
Nd5 b5 34. cxb5 axb5 35. Nb6 Rf7 36. Ke3 Ke6 37. Nd5 Ke5 38. Nc3 b4 39. axb4
cxb4 40. Nd5 b3 41. Rg4 Bxe4 42. Rg5+ Bf5 43. Ne7 Rxf6 44. Nxf5 Rxf5 45. Rxf5+
Kxf5 46. Kd4 Kf4 47. Kc3 Ke4 48. Kxb3 Kd5 49. Kc3 Kc5 50. h4 h5 51. Kd3 d5 52.
b3 d4 53. b4+ Kd5 54. b5 Kc5 55. Ke4 Kxb5 56. Kxd4 Kc6 57. Ke5 Kc5 58. Kf5 Kd5
59. Kg5 Ke5 60. Kxh5 Kf5 61. Kh6 Kf6 62. Kh7 Kf7 63. Kh6 Kf6 64. h5 Kf7 65.
Kh7 Kf8 66. Kg6 Kg8 67. h6 Kh8 68. h7 {#d} 1/2-1/2

[Event "BCC Inaugural"]
[Site "Boise, ID"]
[Date "2014.03.08"]
[Round "4.2"]
[White "Hamilton, Brett B"]
[Black "Buus, Jarod N"]
[Result "0-1"]
[WhiteElo "1700"]
[BlackElo "1365"]

1. d4 d5 2. c4 c6 3. e3 Nf6 4. Nf3 e6 5. Bd3 dxc4 6. Bxc4 b5 7. Bd3 Bb7 8. O-O
Nbd7 9. Nc3 a6 10. Bd2 Be7 11. Rc1 Rc8 12. Ne5 Nxe5 13. dxe5 Qxd3 14. exf6
Bxf6 15. Qc2 Qxc2 16. Rxc2 c5 17. f3 Ke7 18. Ne2 Rhd8 19. Ba5 Rd3 20. Kf2 b4
21. Rfc1 Kd7 22. Rxc5 Rc6 23. Bxb4 Bxb2 24. R5c2 Bxc1 25. Rxc6 Bxe3+ 26. Ke1
Bxc6 {#R} 0-1

[Event "BCC #2"]
[Site "Boise, ID"]
[Date "2014.04.12"]
[Round "1.4"]
[White "Lang, Jamie"]
[Black "Hamilton, Brett B"]
[Result "1-0"]
[WhiteElo "1449"]
[BlackElo "1700"]

1. e4 c5 2. Nf3 Nc6 3. d4 cxd4 4. Nxd4 d6 5. Bb5 Bd7 6. O-O Nf6 7. Nc3 a6 8.
Nxc6 bxc6 9. Ba4 e5 10. Be3 Be7 11. Qd2 Ng4 12. f4 Nxe3 13. Qxe3 exf4 14. Qxf4
O-O 15. Bb3 Be6 16. Rad1 Qb6+ 17. Kh1 Rad8 18. Ne2 Bxb3 19. axb3 Bf6 20. Rxd6
Rxd6 21. Qxd6 Qe3 22. Ng3 Rd8 23. Qxc6 Be5 24. Qc4 Qa7 25. c3 g6 26. Qe2 Qc7
27. Qxa6 Bxg3 28. hxg3 Qxg3 29. Qe2 Re8 30. Qf3 Qc7 31. b4 Re5 32. Rd1 Rh5+
33. Kg1 Qh2+ 34. Kf2 Rh4 35. Ke2 Rf4 36. Qh3 Rxe4+ 37. Kd3 Qe5 38. Qc8+ Kg7
39. Qc5 Qf4 40. Kc2 Re2+ 41. Kb3 Re4 42. Qd5 Qg4 43. b5 {#r} 1-0

[Event "BCC #2"]
[Site "Boise, ID"]
[Date "2014.04.12"]
[Round "3.2"]
[White "Hamilton, Brett B"]
[Black "Buus, Jarod N"]
[Result "1-0"]
[WhiteElo "1700"]
[BlackElo "1494"]

1. d4 d5 2. c4 c6 3. e3 Nf6 4. Nf3 e6 5. a3 dxc4 6. Bxc4 b5 7. Be2 a6 8. b4
Nbd7 9. Nc3 Bb7 10. O-O Be7 11. Qc2 Rc8 12. Rd1 O-O 13. Bb2 Nb6 14. Rac1 Nfd5
15. Ne4 Na4 16. Rd2 Nxb2 17. Qxb2 Nb6 18. Nc5 Bxc5 19. dxc5 Na4 20. Qc2 Qf6
21. Rd7 Rb8 22. Nd4 e5 23. Nf5 Bc8 24. Ne7+ Kh8 25. Nxc8 Rbxc8 26. Bf3 Rfd8
27. Rcd1 Re8 28. R1d6 Re6 29. Bg4 e4 30. Bxe6 fxe6 31. Rd4 Rf8 32. Qd2 h6 33.
Rd8 Rxd8 34. Rxd8+ Kh7 35. Qd4 Qf5 36. Rd6 e5 37. Qd2 Qf7 38. Qc2 Qf5 39. Rxc6
Qd7 40. Qxe4+ Kg8 41. Rd6 Qe7 42. Qd5+ {#r} 1-0

[Event "ICA Summer Classic (Open)"]
[Site "Boise, ID"]
[Date "2014.07.19"]
[Round "1.6"]
[White "Zaklan, David Allen"]
[Black "Hamilton, Brett B"]
[Result "1-0"]
[WhiteElo "1276"]
[BlackElo "1700"]
[EventRounds "5"]
[EventCountry "USA"]

1. d4 Nf6 2. Nf3 d5 3. c4 e6 4. Bf4 Bb4+ 5. Nc3 O-O 6. e3 Ne4 7. Qb3 c5 8. a3
Ba5 9. Bd3 Bxc3+ 10. bxc3 Qa5 11. Bxe4 dxe4 12. Nd2 f5 13. Bd6 cxd4 14. cxd4
Rd8 15. Bb4 Qc7 16. O-O Nc6 17. c5 Ne7 18. Nc4 Nd5 19. Ne5 a5 20. Bd2 b6 21.
Rfc1 a4 22. Qb2 Ba6 23. Rab1 Rab8 24. c6 b5 25. Nd7 Rxd7 26. cxd7 Qxd7 27. Rc5
b4 28. axb4 Bd3 29. Ra1 Nb6 30. Rac1 Nd5 31. Qa3 h6 32. Ra5 Nb6 33. Rac5 Nd5
34. h3 g5 35. Rc6 Kf7 36. R6c5 h5 37. Ra5 Nb6 38. Qc3 Rc8 39. Rc5 Rxc5 40.
Qxc5 Nd5 41. Qa5 Nb6 42. Rc5 Nc4 43. Rc7 Nxa5 44. Rxd7+ Kf6 45. bxa5 {#r} 1-0

[Event "ICA Summer Classic (Open)"]
[Site "Boise, ID"]
[Date "2014.07.19"]
[Round "2.7"]
[White "Hamilton, Brett B"]
[Black "Lang, Jamie"]
[Result "1-0"]
[WhiteElo "1700"]
[BlackElo "1474"]
[EventRounds "5"]
[EventCountry "USA"]

1. d4 Nf6 2. c4 e6 3. Nc3 Bb4 4. Qc2 O-O 5. e4 Nc6 6. Nf3 d6 7. a3 Bxc3+ 8.
bxc3 e5 9. h3 b6 10. Bd3 Ba6 11. O-O Re8 12. Bg5 h6 13. Be3 Na5 14. Nd2 Qe7
15. f4 c5 16. d5 Nd7 17. f5 Nf6 18. Qd1 Bxc4 19. Nxc4 Nxc4 20. Bxc4 Nxe4 21.
Qc2 Nf6 22. Rad1 a6 23. g4 b5 24. Be2 e4 25. g5 hxg5 26. Bxg5 Qe5 27. Bf4 Qxf5
28. Kh2 Qd7 29. Bg5 Nh7 30. Bg4 Qc7 31. Be3 Nf6 32. Qf2 Nxg4+ 33. hxg4 Qe7 34.
Kg2 Ra7 35. Rh1 Qf6 36. Qxf6 gxf6 37. Rh6 Kf8 38. Rxf6 Kg7 39. Rxd6 {#r} 1-0

[Event "ICA Summer Classic (Open)"]
[Site "Boise, ID"]
[Date "2014.07.19"]
[Round "3.5"]
[White "Buus, Jarod N"]
[Black "Hamilton, Brett B"]
[Result "0-1"]
[WhiteElo "1520"]
[BlackElo "1700"]
[EventRounds "5"]
[EventCountry "USA"]

1. e4 c5 2. Nf3 Nc6 3. d4 cxd4 4. Nxd4 Nf6 5. Nc3 e5 6. Ndb5 a6 7. Nd6+ Bxd6
8. Qxd6 Qe7 9. Qxe7+ Nxe7 10. Bg5 b5 11. O-O-O Bb7 12. f3 Rc8 13. g3 b4 14.
Na4 Nxe4 15. fxe4 Bxe4 16. Bd3 Bxh1 17. Rxh1 Rc6 18. Rd1 d5 19. Bd2 e4 20. Bf1
Nf5 21. Bxb4 Ne3 22. Rd2 Nxf1 23. Rxd5 Rxc2+ 24. Kb1 f6 25. Rd1 Rc4 26. a3 Ne3
27. Re1 Nc2 28. Rc1 Ne3 29. Re1 Nd5 30. b3 Rc6 31. Rxe4+ Kf7 32. Rc4 Nxb4 33.
Rxb4 Rhc8 34. Rb7+ Kg6 35. b4 Rc1+ 36. Kb2 R1c2+ 37. Kb3 Rxh2 38. Ra7 Rg2 39.
Rxa6 Rxg3+ 40. Kb2 Rg1 41. Nc3 h5 42. b5 Rg2+ 43. Kb3 h4 44. b6 Rg3 {#R} 0-1

[Event "ICA Summer Classic (Open)"]
[Site "Boise, ID"]
[Date "2014.07.20"]
[Round "4.3"]
[White "Hamilton, Brett B"]
[Black "Inman, James"]
[Result "1-0"]
[WhiteElo "1700"]
[BlackElo "1774"]
[EventRounds "5"]
[EventCountry "USA"]

1. d4 Nf6 2. c4 e6 3. Nc3 d5 4. e3 Be7 5. Nf3 Nbd7 6. Bd3 dxc4 7. Bxc4 O-O 8.
O-O a6 9. a4 c6 10. Qc2 Nb6 11. Be2 Nbd5 12. Ne5 Nb4 13. Qb1 Nfd5 14. e4 Nc7
15. Be3 b5 16. Na2 Bb7 17. Nxb4 Bxb4 18. Qc2 Rc8 19. Rfc1 Ne8 20. Nd3 Bd6 21.
e5 Be7 22. Nc5 Bxc5 23. Qxc5 Qd5 24. Bf3 Qxc5 25. Rxc5 f5 26. g3 Rf7 27. Rac1
Rfc7 28. Bd2 h6 29. Ba5 Rd7 30. axb5 axb5 31. Bxc6 Rxc6 32. Rxc6 Bxc6 33. Rxc6
Rxd4 34. Rxe6 Kf7 35. Rb6 Rd5 36. f4 Rc5 37. Bc3 Nc7 38. Rb7 Ke6 39. Ba5 Nd5
40. Rxg7 Rc1+ 41. Kf2 Rc2+ 42. Kf3 Rxb2 43. Rg6+ Kf7 44. Rxh6 Rb3+ 45. Ke2 b4
46. Rh7+ Kg6 47. Rb7 Re3+ 48. Kd2 Ra3 49. Rb5 Nc3 50. Rb6+ Kh5 51. Bxb4 Ne4+
52. Kc2 Ra2+ 53. Kb3 Rxh2 54. Bf8 Kg4 55. e6 Re2 56. Bg7 Nc5+ 57. Kc4 Nxe6 58.
Be5 Nf8 59. Rd6 Rc2+ 60. Kd3 Rc8 61. Ra6 Kxg3 62. Kd4 Rd8+ 63. Ke3 (The rest
of the game recorded on video by the tournament director, so accurate score
and clock times are available.)} Re8 } 64. Ra7 { } Ne6 } 65. Rf7 for remainder
of the game for White} Rg8 } 66. Rxf5 Rg4 } 67. Rf6 Nxf4 } 68. Bxf4+ Kg2 } 69.
Be5 Ra4 for remainder of the game for Black until he runs out of time on his
last move.} 70. Rf2+ Kh3 71. Rh2+ Kg4 72. Rg2+ Kh3 73. Rg8 Ra3+ 74. Kd2 Ra2+
75. Kc3 Ra3+ 76. Kb2 Ra5 77. Bc3 Rb5+ 78. Kc2 Rc5 79. Kd3 Rd5+ 80. Ke4 Rh5 81.
Kf4 Rh4+ 82. Kf5 Rh5+ 83. Kf6 Rh6+ 84. Kf7 Rh7+ 85. Bg7 Rh4 86. Kf6 Rg4 87.
Rh8+ Kg3 88. Rh7 Rf4+ 89. Ke6 Re4+ 90. Kd5 Rg4 91. Ke5 Rg5+ 92. Kf6 Rg4 93.
Ke7 Re4+ 94. Kd6 Rg4 95. Kd5 Rg5+ 96. Ke4 Rg4+ 97. Ke3 Rg6 98. Bd4 Re6+ 99.
Kd3 Kg4 100. Rg7+ Kf5 101. Rf7+ Kg6 102. Rg7+ Kf5 103. Rg1 Kf4 104. Rf1+ Kg4
105. Kd2 Rd6 106. Ke3 Re6+ 107. Kd3 Rd6 108. Ke4 Re6+ 109. Be5 Kg5 110. Rg1+
Kh5 111. Kf5 Re8 { (Time Forfeit)} {#r} 1-0

[Event "ICA Summer Classic (Open)"]
[Site "Boise, ID"]
[Date "2014.07.20"]
[Round "5.2"]
[White "Roland, Jeffrey T"]
[Black "Hamilton, Brett B"]
[Result "1-0"]
[WhiteElo "1755"]
[BlackElo "1700"]
[EventRounds "5"]
[EventCountry "USA"]

1. e4 c5 2. Nc3 e6 3. Nf3 a6 4. d4 cxd4 5. Nxd4 Nc6 6. Be2 Bb4 7. Nf3 Nf6 8.
Bg5 Qa5 9. Bd2 Qc7 10. Bd3 b5 11. O-O O-O 12. a3 Bc5 13. Qe2 Nd4 14. Nxd4 Bxd4
15. Kh1 Bb7 16. f4 h5 17. e5 Ng4 18. h3 Qd8 19. Be4 Bxe4 20. Nxe4 f5 21. c3
Bb6 22. Ng5 Qe8 23. hxg4 hxg4 24. g3 Qh5+ 25. Qh2 g6 26. Qxh5 gxh5 27. Kg2 Kg7
28. Rad1 Rh8 29. Be1 Ra7 30. Bf2 Bxf2 31. Rxf2 Kf8 32. Rh1 Kg7 33. Rd2 Kf8 34.
Kf2 Rc7 35. Ke3 Kg7 36. Rhd1 d5 37. Nxe6+ {#r} 1-0

[Event "ICA Players Memorial"]
[Site "Boise, ID"]
[Date "2014.08.23"]
[Round "1.5"]
[White "Siek, Justin"]
[Black "Hamilton, Brett B"]
[Result "0-1"]
[WhiteElo "959"]
[BlackElo "1713"]
[EventRounds "5"]
[EventCountry "USA"]

1. e4 c5 2. Nf3 Nc6 3. Bb5 a6 4. Bxc6 bxc6 5. O-O d6 6. Nc3 e5 7. d3 Nf6 8.
Re1 Be7 9. b3 O-O 10. Bb2 Bg4 11. h3 Bh5 12. a3 h6 13. Rb1 Nh7 14. Bc1 Nf6 15.
Bb2 g5 16. Kh1 Kg7 17. g4 Bg6 18. a4 Qd7 19. Qd2 h5 20. Nxg5 hxg4 21. Kg2
gxh3+ 22. Nxh3 Qg4+ 23. Kh2 Rh8 24. Qe3 Rxh3+ 25. Qxh3 Rh8 26. Qxh8+ Kxh8 27.
Rg1 Qf3 28. Rbf1 Ng4+ 29. Rxg4 Qxg4 30. Rg1 Qf4+ 31. Kg2 Bh4 32. f3 Qg3+ 33.
Kf1 Qf2# 0-1

[Event "ICA Players Memorial"]
[Site "Boise, ID"]
[Date "2014.08.23"]
[Round "3.4"]
[White "Amen, Chris"]
[Black "Hamilton, Brett B"]
[Result "1/2-1/2"]
[WhiteElo "1511"]
[BlackElo "1713"]
[EventRounds "5"]
[EventCountry "USA"]

1. c4 c5 2. g3 Nc6 3. Bg2 Nf6 4. e4 e5 5. Ne2 d6 6. Nbc3 Bg4 7. h3 Be6 8. Nd5
Be7 9. O-O Qd7 10. Kh2 O-O 11. f4 g6 12. d3 h5 13. Nxe7+ Qxe7 14. f5 Bd7 15.
fxg6 fxg6 16. Be3 Qg7 17. Qd2 Kh7 18. Rf2 Rf7 19. Raf1 Raf8 20. Nc3 a6 21. Nd5
Nd4 22. b4 Nxd5 23. Rxf7 Rxf7 24. Rxf7 Qxf7 25. exd5 Nf3+ 26. Bxf3 Qxf3 27.
bxc5 dxc5 28. Bxc5 Bf5 29. Be3 Qf1 30. Qf2 Qxf2+ 31. Bxf2 Bxd3 32. c5 Kg7 33.
g4 Bc4 34. d6 Bb5 35. Kg3 hxg4 36. Kxg4 Bd7+ 37. Kg3 Kf6 38. h4 Bc6 39. Kg4
Bd7+ 40. Kf3 Bc6+ 41. Ke3 Kf5 42. Bg3 Ke6 43. Kd3 Kd5 44. Bf2 Bb5+ 45. Kc3 Ke4
46. Bg3 Kd5 47. Kb4 e4 48. Bf2 Bc6 49. Ka5 Ke6 50. Kb6 Kd7 51. Be3 Kc8 {#d}
1/2-1/2

[Event "ICA Players Memorial"]
[Site "Boise, ID"]
[Date "2014.08.24"]
[Round "4.5"]
[White "Hamilton, Brett B"]
[Black "Lang, Jamie"]
[Result "1/2-1/2"]
[WhiteElo "1713"]
[BlackElo "1474"]
[EventRounds "5"]
[EventCountry "USA"]

1. e4 e5 2. Nf3 Nc6 3. Bb5 a6 4. Ba4 Nf6 5. O-O b5 6. Bb3 Bc5 7. Nxe5 Nxe5 8.
d4 Bxd4 9. Qxd4 d6 10. Qe3 Bb7 11. Nc3 O-O 12. f4 Ned7 13. e5 dxe5 14. fxe5
Ng4 15. Qg5 Qxg5 16. Bxg5 Ngxe5 17. Rad1 c5 18. Bd5 Bxd5 19. Rxd5 f6 20. Bf4
c4 21. Rfd1 Ra7 22. Be3 Rb7 23. Ne4 Nb6 24. Rd8 Nbd7 25. Rxf8+ Kxf8 26. Nd6
Rb8 27. Bd2 b4 28. Bf4 Rb6 29. Nxc4 Nxc4 30. Rxd7 Nxb2 31. Rd4 Kf7 32. Bc1 Na4
33. Be3 Rb7 34. a3 a5 35. axb4 axb4 36. Rc4 Nb2 37. Rd4 Rc7 38. Rxb4 Rxc2 39.
Rb7+ Kg6 40. h4 Nc4 41. Bf4 Ne5 42. h5+ Kxh5 43. Rxg7 h6 44. Kh2 Ng4+ 45. Kg3
Rc3+ 46. Be3 Rxe3+ 47. Kf4 Re5 48. Rxg4 Rg5 49. Rxg5+ fxg5+ 50. Kg3 g4 51. Kh2
Kg5 52. g3 h5 53. Kg2 h4 54. gxh4+ Kxh4 55. Kh2 g3+ 56. Kg2 Kg4 57. Kg1 Kh3
58. Kh1 {#d} 1/2-1/2

[Event "ICA Players Memorial"]
[Site "Boise, ID"]
[Date "2014.08.24"]
[Round "5.4"]
[White "Hamilton, Brett B"]
[Black "Faulkner, Graeme K"]
[Result "1/2-1/2"]
[WhiteElo "1713"]
[BlackElo "1171"]
[EventRounds "5"]
[EventCountry "USA"]

1. d4 d5 2. c4 Nf6 3. Nf3 h6 4. e3 c6 5. Nc3 Bg4 6. Be2 e6 7. c5 Nbd7 8. h3
Bf5 9. O-O Qc7 10. Nh4 Bh7 11. f4 g5 12. Nf3 Rg8 13. Ne5 Nxe5 14. fxe5 Ne4 15.
Bh5 Rg7 16. Nxe4 Bxe4 17. Rf6 Rh7 18. Rxe6+ Be7 19. Qf1 O-O-O 20. Rd6 Bxd6 21.
cxd6 Qa5 22. Bxf7 Kb8 23. e6 Rxf7 24. exf7 Rf8 25. Qf2 Qd8 26. Bd2 Qxd6 27. a3
Qe6 28. Rf1 Bg6 29. Qg3+ Kc8 30. Qe5 Qxe5 31. dxe5 Rxf7 32. Rf6 Rxf6 33. exf6
Kd7 34. Bb4 Bf7 35. g4 Ke6 36. Be7 b6 37. b4 Ke5 38. Kf2 Ke4 39. Ke2 d4 40.
exd4 Kxd4 41. Kf3 Bd5+ 42. Kg3 c5 43. bxc5 bxc5 44. h4 c4 45. hxg5 hxg5 46. f7
Bxf7 47. Bxg5 Kd3 48. Kf2 Be6 49. Be3 a5 50. a4 Bxg4 51. Bb6 c3 52. Be3 Bd1
53. Ke1 Bxa4 54. Bc1 Bb3 55. Ba3 a4 56. Bc1 Kc2 57. Ba3 Kb1 58. Ke2 Bc4+ 59.
Kd1 c2+ 60. Kd2 Ka2 61. Bc1 a3 62. Kc3 Kb1 63. Bxa3 {#d} 1/2-1/2

[Event "BCC #4"]
[Site "Boise, ID"]
[Date "2014.09.06"]
[Round "2.2"]
[White "Buus, Jarod N"]
[Black "Hamilton, Brett B"]
[Result "0-1"]
[WhiteElo "1518"]
[BlackElo "1706"]
[EventRounds "4"]
[EventCountry "USA"]

1. e4 c5 2. Nf3 e6 3. d4 cxd4 4. Nxd4 a6 5. Be3 Nc6 6. c4 Bb4+ 7. Nc3 Nf6 8.
f3 Qc7 9. Qc2 O-O 10. Be2 d5 11. Nxc6 bxc6 12. exd5 cxd5 13. b3 Qe5 14. Bd2 d4
15. f4 Qd6 16. Na4 Bxd2+ 17. Qxd2 Ne4 18. c5 Nxc5 19. Nxc5 Qxc5 20. Rc1 Qb6
21. Bf3 Rb8 22. O-O Bb7 23. Rcd1 Rfd8 24. Qd3 Bxf3 25. Rxf3 Rd5 26. f5 exf5
27. Rxf5 Rxf5 28. Qxf5 Rd8 29. Qd3 Qf6 30. Kh1 g6 31. a3 h5 32. b4 Qb6 33. Qc4
Qe6 34. Qd3 Qg4 35. Rf1 Qe6 36. a4 Qd5 37. Qxa6 d3 38. a5 d2 39. Rd1 Re8 40.
Qf1 Qd3 41. Qf2 Re2 {#R} 0-1

[Event "BCC #4"]
[Site "Boise, ID"]
[Date "2014.09.06"]
[Round "3.1"]
[White "Hamilton, Brett B"]
[Black "Inman, James"]
[Result "1-0"]
[WhiteElo "1706"]
[BlackElo "1755"]
[EventRounds "4"]
[EventCountry "USA"]

1. d4 Nf6 2. c4 g6 3. Nc3 d5 4. e3 Bg7 5. Nf3 O-O 6. Bd3 Bg4 7. h3 dxc4 8.
Bxc4 Bf5 9. O-O Ne4 10. Qb3 Nd6 11. Be2 c6 12. Bd2 Nd7 13. Rac1 Nb6 14. Ng5 h6
15. e4 hxg5 16. exf5 Nxf5 17. Be3 Nxd4 18. Bxd4 Bxd4 19. Rfd1 e5 20. Bd3 Kg7
21. Ne2 Qf6 22. Nxd4 exd4 23. Be4 Rfe8 24. Qf3 Qxf3 25. Bxf3 Rad8 26. Rd3 Re7
27. Kf1 f5 28. Kg1 Kf6 29. b4 Re5 30. Rcd1 g4 31. hxg4 fxg4 32. Bxg4 Red5 33.
Bf3 R5d6 34. g3 Nc4 35. Rb3 Ne5 36. Be4 d3 37. f4 Nc4 38. Rbxd3 Rxd3 39. Rxd3
Rxd3 40. Bxd3 Nd6 41. Kf2 g5 42. Kf3 gxf4 43. Kxf4 b6 44. a4 c5 45. bxc5 bxc5
46. g4 c4 47. g5+ Ke6 48. Bc2 Nf7 49. g6 Nh6 50. Kg5 Ng8 51. a5 Ke5 52. g7 Ke6
53. Kg6 Ke7 54. Kh7 Nf6+ 55. Kg6 Ng8 56. Be4 Nf6 57. Bb1 c3 58. Bc2 Ng8 59.
Kh7 Nf6+ 60. Kh8 Kf7 61. Bb3+ Kg6 62. g8=Q+ Nxg8 63. Kxg8 Kf6 64. Kf8 Ke5 65.
Ke7 Kd4 66. Kd6 Kd3 67. Kc6 c2 68. Bxc2+ Kxc2 69. Kb7 Kb3 70. Kxa7 Kc4 71. Kb7
{#r} 1-0

[Event "BCC #4"]
[Site "Boise, ID"]
[Date "2014.09.06"]
[Round "4.1"]
[White "Booth, Tom R"]
[Black "Hamilton, Brett B"]
[Result "1-0"]
[WhiteElo "1551"]
[BlackElo "1706"]
[EventRounds "4"]
[EventCountry "USA"]

1. d4 g6 2. c4 Bg7 3. Nf3 c5 4. e3 b6 5. Be2 Nf6 6. Nc3 Bb7 7. O-O d6 8. dxc5
bxc5 9. Qc2 O-O 10. Rd1 a6 11. Rb1 Nc6 12. a3 Qc7 13. b4 cxb4 14. axb4 Ng4 15.
Nd5 Qd8 16. Bb2 Nce5 17. h3 Nxf3+ 18. Bxf3 Bxb2 19. Qxb2 Ne5 20. Nf6+ exf6 21.
Bxb7 Nxc4 22. Qd4 Na3 23. Bxa8 Nxb1 24. Rxb1 Qxa8 25. Qxd6 Kg7 26. Ra1 Rd8 27.
Rxa6 Rxd6 28. Rxa8 Rb6 29. Ra4 Kf8 30. Kf1 Ke7 31. Ke2 Kd6 32. Kd3 h5 33. g4
h4 34. f4 Ke6 35. e4 Kd6 36. Ke3 Kc6 37. Kd3 Kb5 38. Ra1 Kxb4 39. Rb1+ Kc5 40.
Rxb6 Kxb6 41. Kd4 Kc6 42. e5 f5 43. gxf5 gxf5 44. Kc4 f6 45. exf6 Kd6 46. Kd4
Ke6 47. f7 Kxf7 48. Ke5 Ke7 49. Kxf5 Kf7 50. Kg5 Ke6 51. Kxh4 {Time trouble
prevented recording the final moves, but White avoided stalemating Black and
easily won this ending.} {#r} 1-0

[Event "Idaho Open"]
[Site "Boise, ID"]
[Date "2015.06.20"]
[Round "1.1"]
[White "Hamilton, Brett B"]
[Black "Lucky, David"]
[Result "0-1"]
[WhiteElo "1716"]
[BlackElo "2379"]
[EventRounds "5"]
[EventCountry "USA"]

1. d4 Nf6 2. c4 e6 3. Nc3 Bb4 4. Qc2 Nc6 5. Nf3 d6 6. e4 O-O 7. a3 Bxc3+ 8.
bxc3 e5 9. d5 Ne7 10. h3 Ng6 11. g3 Ne8 12. Bd3 Ne7 13. Nh4 h6 14. Nf5 Nxf5
15. exf5 Nf6 16. Be3 Re8 17. Be4 b6 18. Bg2 Qd7 19. g4 Ba6 20. g5 hxg5 21. Bf1
e4 22. Rg1 Re5 23. Rxg5 Rxf5 24. h4 Rxg5 25. hxg5 Ng4 26. Qxe4 Re8 27. Qf4 Re5
28. Kd2 Nxe3 29. fxe3 Qf5 30. Bd3 Qxg5 31. Qf3 Qh5 32. Ke2 Bc8 33. Qxh5 Rxh5
34. e4 Rh3 35. a4 a5 36. Rg1 Rh2+ 37. Ke3 Ra2 38. Kd4 Rxa4 39. e5 dxe5+ 40.
Kxe5 f6+ 41. Kd4 Ba6 42. Re1 Kf7 43. Re6 Bxc4 44. Bxc4 b5 45. d6 Rxc4+ {#R}
0-1

[Event "Idaho Open"]
[Site "Boise, ID"]
[Date "2016.06.18"]
[Round "1.9"]
[White "Hamilton, Brett B"]
[Black "Ang, Ching-E Nobel"]
[Result "1-0"]
[WhiteElo "1700"]
[BlackElo "1198"]
[EventRounds "5"]
[EventCountry "USA"]

1. d4 Nf6 2. c4 e6 3. Nc3 Bb4 4. Qc2 b6 5. a3 Bxc3+ 6. Qxc3 Bb7 7. Nf3 d6 8.
g3 Nbd7 9. Bg2 c5 10. O-O O-O 11. Rd1 d5 12. Bg5 Ne4 13. Qc1 Nxg5 14. Nxg5 h6
15. Nf3 Rc8 16. cxd5 cxd4 17. Qf4 Bxd5 18. Qxd4 Nc5 19. Rac1 Nb3 20. Rxc8 Qxc8
21. Qe3 Qc2 22. Qd3 Qxb2 23. Nd2 Nxd2 24. Bxd5 exd5 25. Rxd2 Qa1+ 26. Rd1 Qa2
27. Rc1 Re8 28. e3 Qb2 29. Rc7 Qa2 30. Rxa7 Rc8 31. Qf5 Rc1+ 32. Kg2 f6 33.
Qg6 Kf8 34. Qf7# 1-0

[Event "Idaho Open"]
[Site "Boise, ID"]
[Date "2016.06.18"]
[Round "3.3"]
[White "Morrow, Hans M"]
[Black "Hamilton, Brett B"]
[Result "1-0"]
[WhiteElo "1927"]
[BlackElo "1700"]
[EventRounds "5"]
[EventCountry "USA"]

1. d4 Nf6 2. c4 e6 3. Nc3 d5 4. Nf3 c5 5. cxd5 cxd4 6. Nxd4 exd5 7. g3 Nc6 8.
Bg2 Bb4 9. O-O Bxc3 10. bxc3 O-O 11. Bg5 Nxd4 12. Qxd4 Be6 13. Rfd1 Rc8 14.
Rac1 Rc4 15. Qxa7 h6 16. Bxf6 Qxf6 17. Qxb7 d4 18. cxd4 Rxc1 19. Rxc1 Qxd4 20.
Qb1 Rd8 21. e3 Qd2 22. Bf3 Qxa2 23. Qxa2 Bxa2 24. Kg2 Be6 25. h4 g6 26. g4 Rb8
27. Kg3 Kg7 28. Rc5 Kf6 29. g5+ Kg7 30. Bd5 Re8 31. Bxe6 Rxe6 32. Kf4 h5 33.
e4 Ra6 34. f3 Ra1 35. e5 Rh1 36. Kg3 Re1 37. f4 Rg1+ 38. Kh3 Rf1 39. Rc4 Rh1+
40. Kg3 Rg1+ 41. Kh2 Rg4 42. Kh3 Rg1 43. Re4 Rh1+ 44. Kg3 Rg1+ 45. Kh2 Rg4 46.
Kh3 Rg1 47. e6 fxe6 48. Rxe6 Kf7 49. Rf6+ Kg7 50. f5 gxf5 51. Rxf5 Rh1+ 52.
Kg3 Rg1+ 53. Kh2 Rg4 54. Kh3 Rg1 55. Rf6 Rh1+ 56. Kg3 Rg1+ 57. Kh2 Rg4 58. Kh3
Rg1 59. Rh6 Rh1+ 60. Kg3 Rg1+ 61. Kh2 Rg4 62. Rxh5 Rb4 63. Rh6 Rc4 64. Rf6 Rb4
{ The rest of the moves cannot be reconstructed at this time. Both players
stopped recording by about move 76.--Jeffrey Roland.} {#r} 1-0